| Поле | Инд. | ПП | Название | Значение |
|---|---|---|---|---|
| Тип записи | a | |||
| Библиографический уровень | m | |||
| 001 | _ | Контрольный номер | RU/URAIT/476188 | |
| 005 | _ | Дата корректировки | 20250915104107.3 | |
| 008 | Кодируемые данные | 190606s2021 RU y f j 000 0 rus u | ||
| 020 | a | ISBN | 978-5-534-11767-7 | |
| c | Цена, тираж | 369.00 | ||
| 040 | a | Служба первич. каталог. | ИКО Юрайт | |
| c | Служба, преобразующая запись | ИКО Юрайт | ||
| e | Правила каталог. | RCR | ||
| 041 | a | Код языка текста | rus | |
| 044 | a | Код страны публикации | RU | |
| 080 | a | Индекс УДК | 796(075.8) | |
| 084 | 2 | Источник индекса | rubbk | |
| a | Индекс другой классификации/Индекс ББК | 75я73 | ||
| 100 | 1_ | a | Автор | Эммерт Мария Сергеевна |
| q | Полное имя | Мария Сергеевна | ||
| 245 | a | Заглавие | Общая физическая подготовка в рамках самостоятельных занятий студентов | |
| b | Продолж. заглавия | Учебное пособие для вузов | ||
| c | Ответственность | Эммерт М. С., Фадина О. О., Шевелева И. Н., Мельникова О. А. | ||
| 250 | a | Основные сведения об издании | 2-е изд. | |
| 256 | a | Характеристики компьютерного файла | Электрон. дан. | |
| 260 | a | Место издания | Москва | |
| b | Издательство | Юрайт | ||
| c | Дата издания | 2021 | ||
| 300 | a | Объем | 110 с | |
| 440 | a | Серия | Высшее образование | |
| 500 | a | Примечание | URL: https://urait.ru/bcode/476188 (дата обращения: 23.11.2021). | |
| 520 | a | Аннотация | Серия «Университеты России» позволит высшим учебным заведениям нашей страны использовать в образовательном процессе издания (в том числе учебники и учебные пособия) по различным дисциплинам, подготовленные преподавателями лучших университетов России и впервые опубликованные в издательствах университетов. Все представленные в этой серии работы прошли экспертную оценку учебно-методического отдела издательства и публикуются в оригинальной редакции. Пособие дополняет и развивает практический курс «Физическая культура», в нем рассмотрен один из разделов программы методико-практический. Освещены вопросы методики самостоятельных занятий физиче-скими упражнениями; самоконтроля физического развития и функцио-нального состояния организма; укрепления здоровья; повышения работоспособности и других методик. Адресовано студентам вузов, преподавателям, а также всем, кто зани-мается физическими упражнениями самостоятельно. | |
| 538 | a | Прим. о системных особенностях | Режим доступа: Электронно-библиотечная система Юрайт, для авториз. пользователей | |
| 653 | a | Ключевые слова | Здоровье и его профилактика | |
| 653 | a | Ключевые слова | Здравоохранение. Медицина. | |
| 653 | a | Ключевые слова | Физическая культура | |
| 653 | a | Ключевые слова | Физическая культура (физическая подготовка) | |
| 653 | a | Ключевые слова | Физкультура | |
| 653 | a | Ключевые слова | Физическая подготовка | |
| 653 | a | Ключевые слова | Физическая культура и спорт | |
| 653 | a | Ключевые слова | Общая физическая подготовка | |
| 653 | a | Ключевые слова | Физическая культура (базовая подготовка) | |
| 653 | a | Ключевые слова | Общая физическая культура | |
| 653 | a | Ключевые слова | Основы физической культуры | |
| 653 | a | Ключевые слова | Общая физическая подготовка с элементами игр | |
| 700 | 1_ | a | Другие авторы | Фадина Ольга Олеговна |
| q | Полное имя | Ольга Олеговна | ||
| 700 | 1_ | a | Другие авторы | Шевелева Ирина Николаевна |
| q | Полное имя | Ирина Николаевна | ||
| 700 | 1_ | a | Другие авторы | Мельникова Оксана Анатольевна |
| q | Полное имя | Оксана Анатольевна | ||
| 856 | 40 | u | URL | https://urait.ru/bcode/476188 |
| x | Примечание для ЭОР | https://urait.ru/book/cover/58273DFB-1173-4DCD-ABC4-1EEAFD5D19E8 | ||
| z | Примечание для пользователя | Участвует в КО | ||
| 856 | 41 | u | URL | https://urait.ru/book/cover/58273DFB-1173-4DCD-ABC4-1EEAFD5D19E8 |